[Event "Landesliga Sued 9899"]
[Site "Bayern"]
[Date "1998.??.??"]
[Round "?"]
[White "Buchert, Wolfgang"]
[Black "Feldbacher, Harald"]
[Result "1-0"]
[WhiteElo "2065"]
[BlackElo "2070"]

1.e4 c5 2.c3 Nf6 3.e5 Nd5 4.d4 cxd4 5.cxd4 e6 6.Nc3 Nxc3 7.bxc3 Qc7 8.Qc2 b6
9.Nf3 Bb7 10.Be2 d6 11.Bf4 Nd7 12.O-O Rc8 13.exd6 Bxd6 14.Bxd6 Qxd6 15.Rac1 O-O
16.Qa4 Rc7 17.Rc2 a5 18.Rd1 Rfc8 19.c4 Bc6 20.Qb3 a4 21.Qe3 h6 22.h3 Bb7
23.Rb2 Ba6 24.c5 bxc5 25.dxc5 Qc6 26.Rd6  1-0

[Event "Landesliga Nord 9899"]
[Site "Bayern"]
[Date "1998.??.??"]
[Round "?"]
[White "Bunk, Karsten"]
[Black "Neumann, Petr"]
[Result "0-1"]
[WhiteElo "2105"]
[BlackElo "2350"]

1.e4 c5 2.c3 Nf6 3.e5 Nd5 4.d4 cxd4 5.Nf3 d6 6.cxd4 Nc6 7.Bc4 Nb6 8.Bb5 dxe5
9.Nxe5 Bd7 10.Nc3 Nxe5 11.dxe5 Bxb5 12.Nxb5 Qxd1+ 13.Kxd1 Nd5 14.Ke2 a6 15.Rd1 O-O-O
16.Nd4 e6 17.Bg5 Rd7 18.Rac1+ Kb8 19.Nb3 b6 20.Nd2 h6 21.Be3 Nxe3 22.fxe3 Be7
23.Nc4 Rxd1 24.Rxd1 Kc7 25.b3 f6 26.exf6 gxf6 27.e4 b5 28.Ne3 h5 29.a4 Bd6
30.h3 Be5 31.Kf3 bxa4 32.bxa4 Rb8 33.Nc4 Rb3+ 34.Ke2 Rb4 35.Rc1 Bf4 36.Rc2 Kd8
37.a5 Ra4 38.Kf3 Bc7 39.Rd2+ Ke8 40.Rc2 Bxa5 41.Nxa5 Rxa5 42.Rc7 Re5 43.g4 h4
44.Ra7 a5 45.Kf4 Rb5 46.Rh7 Kf8 47.Ra7 Rc5 48.Ke3 Rc3+ 49.Kf4 Rc5 50.Ke3 Ke8
51.Kf4 Rb5 52.Rh7 a4 53.Ra7 Rb4 54.Rh7 a3 55.Ra7 Rb3 56.g5 fxg5+ 57.Kxg5 Rxh3
58.Kg4 Re3 59.Kxh4 Rxe4+ 60.Kg3 Re3+ 61.Kf4 Rh3 62.Ke5 Kd8 63.Kxe6 Kc8 64.Kd5 Kb8
65.Rg7 Rh4 66.Rg2 Kb7 67.Ra2 Ra4 68.Kc5 Ka6 69.Kc6 Ra5 70.Rh2 Rg5 71.Ra2 Rg3
72.Kc5 Ka5 73.Kc4 Ka4 74.Rh2 Rg1 75.Rh7 Rc1+ 76.Kd3 Kb3 77.Rb7+ Ka2 78.Ra7 Kb2
79.Rb7+ Ka1 80.Ra7 a2  0-1

[Event "Bechhofen opJ "]
[Site "Bechhofen"]
[Date "1998.??.??"]
[Round "?"]
[White "Hashemi, Abbas"]
[Black "Petrasch, Klaus"]
[Result "1/2-1/2"]
[WhiteElo "2015"]
[BlackElo "2020"]

1.e4 c5 2.c3 Nf6 3.e5 Nd5 4.d4 cxd4 5.Nf3 d6 6.exd6 Qxd6 7.Bc4 e6 8.Nxd4 Nb6
9.Be2 Bd7 10.Na3 a6 11.Nac2 e5 12.Nf3 Qxd1+ 13.Bxd1 Nc6 14.O-O Bd6 15.Be3 Nd5
16.Be2 Be6 17.Rfd1 Rd8 18.Ng5 Nxe3 19.Nxe6 Nxd1 20.Nxd8 Nxc3  1/2-1/2

[Event "JUG-ch51 (Women)"]
[Site "Belgrade"]
[Date "1998.??.??"]
[Round "11"]
[White "Maric, Mirjana"]
[Black "Bojkovic, Natasa"]
[Result "0-1"]
[WhiteElo "2280"]
[BlackElo "2420"]

1.e4 c5 2.c3 Nf6 3.e5 Nd5 4.Nf3 e6 5.d4 cxd4 6.cxd4 d6 7.Bc4 Nc6 8.O-O Be7
9.Qe2 O-O 10.Rd1 Na5 11.Bd3 Nb4 12.Be4 d5 13.Bd3 Nxd3 14.Qxd3 Bd7 15.Nc3 Rc8
16.h3 a6 17.b3 Nc6 18.Bb2 Qa5 19.a3 Na7 20.b4 Qb6 21.Bc1 Bb5 22.Qe3 Rc7 23.Bd2 Bd7
24.Rdc1 Rfc8 25.Nd1 h6 26.Rxc7 Rxc7 27.Rc1 Rxc1 28.Bxc1 a5 29.bxa5 Qxa5 30.Qb3 Qa6
31.Nc3 Bc6 32.Qb2 Nc8 33.g3 Nb6 34.Nd2 Nc4 35.Nxc4 dxc4 36.Nd1 Qa5 37.Qc3 Qd5
38.f3 Bd8 39.Qe3 Bg5 40.Qc3 Bxc1 41.Qxc1 Qxf3  0-1

[Event "Berliner Sommer 16th"]
[Site "Berlin"]
[Date "1998.??.??"]
[Round "2"]
[White "Beckemeier, Werner"]
[Black "Richter, Goetz"]
[Result "1-0"]
[WhiteElo "2385"]
[BlackElo "2165"]

1.e4 c5 2.c3 Nf6 3.e5 Nd5 4.Nf3 Nc6 5.Bc4 Nb6 6.Bb3 g6 7.d4 cxd4 8.cxd4 Bg7
9.a4 a5 10.O-O O-O 11.Nc3 d6 12.exd6 Qxd6 13.Nb5 Qb8 14.Be3 Rd8 15.Ng5 e6
16.Qf3 Rf8 17.Qh3 h6 18.Ne4 Ne7 19.Bxh6 e5 20.Qh4 Nf5 21.Nf6+ Kh8 22.Bxg7+ Kxg7
23.Qg5 Nxd4 24.Nh5+ Kh7 25.Qf6  1-0

[Event "Berliner Sommer 16th"]
[Site "Berlin"]
[Date "1998.??.??"]
[Round "7"]
[White "Lee, Graham D"]
[Black "Krasnici, Hasan"]
[Result "1-0"]
[WhiteElo "2330"]
[BlackElo "2500"]

1.e4 c5 2.c3 Nf6 3.e5 Nd5 4.d4 cxd4 5.Nf3 e6 6.cxd4 d6 7.a3 Nc6 8.Bd3 dxe5
9.dxe5 Qc7 10.O-O a6 11.Re1 g6 12.Bd2 Bg7 13.Nc3 Nxc3 14.Bxc3 O-O 15.Rc1 Qd7
16.Qe2 Rd8 17.Be4 Qe8 18.h4 h6 19.h5 g5 20.Bb1 Ne7 21.Qe4 Nd5 22.Nxg5 Qe7
23.Nh7 Nxc3 24.Rxc3 Rd5 25.Rg3  1-0

[Event "Besancon op"]
[Site "Besancon"]
[Date "1998.??.??"]
[Round "?"]
[White "Janier, Fabrice"]
[Black "Philippe, Christophe"]
[Result "0-1"]
[WhiteElo "2115"]
[BlackElo "2290"]

1.e4 c5 2.c3 Nf6 3.e5 Nd5 4.d4 cxd4 5.Qxd4 e6 6.Nf3 Nc6 7.Qe4 f5 8.Qe2 Be7
9.c4 Ndb4 10.a3 Qa5 11.Nc3 O-O 12.g3 Na6 13.Bd2 Nc5 14.Nd5 Qa4 15.Nxe7+ Nxe7
16.Bb4 b6 17.Bg2 Bb7 18.O-O f4 19.Qd1 Qc6 20.gxf4 Rxf4  0-1

[Event "Biel"]
[Site "Biel"]
[Date "1998.??.??"]
[Round "1"]
[White "Jenni, Florian"]
[Black "Landenbergue, Claude"]
[Result "1/2-1/2"]
[WhiteElo "2415"]
[BlackElo "2420"]

1.e4 c5 2.c3 Nf6 3.e5 Nd5 4.d4 cxd4 5.Nf3 e6 6.cxd4 d6 7.Bc4 Nc6 8.O-O Be7
9.Qe2 O-O 10.Nc3 dxe5 11.dxe5 Nxc3 12.bxc3 Qc7 13.Qe4 b6 14.Bg5 Rd8 15.Bd3 g6
16.Bb5 Bb7 17.Bxc6 Bxc6 18.Qh4 Bxg5 19.Nxg5 h5 20.Qf4 Rd7 21.Rad1 Rad8 22.Rd6 Rxd6
23.exd6 Qd7 24.Rd1 Rf8 25.Re1 b5 26.a4 a6 27.axb5 axb5 28.Qd4 Rd8 29.Qf6 Re8
30.h4 Bd5 31.Qf4 Rf8 32.Ne4 Bxe4 33.Rxe4 Rd8 34.Rd4 Kg7 35.Rd1 Rc8 36.Qd4+ Kg8
37.Ra1 Re8 38.Ra7 e5 39.Rxd7 exd4 40.Rc7 Rd8 41.d7 Kf8 42.cxd4  1/2-1/2

[Event "Biel op"]
[Site "Biel"]
[Date "1998.??.??"]
[Round "2"]
[White "Kunte, Abhijit"]
[Black "Ammann, Walter"]
[Result "1-0"]
[WhiteElo "2460"]
[BlackElo "2260"]

1.e4 c5 2.c3 Nf6 3.e5 Nd5 4.Bc4 Nb6 5.Bb3 d5 6.exd6 Qxd6 7.d4 cxd4 8.cxd4 Be6
9.Nf3 Bxb3 10.Qxb3 Qd5 11.Nc3 Qxb3 12.axb3 a6 13.d5 N8d7 14.Be3 g6 15.Bd4 Rg8
16.O-O Bg7 17.Bxg7 Rxg7 18.Rfe1 Kd8 19.Rad1 Nc8 20.Ne4 h6 21.b4 Nd6 22.Nxd6 exd6
23.Nd2 g5 24.h4 gxh4 25.Re4 Ne5 26.Rxh4 Kd7 27.Rxh6 Rag8 28.g3 Ng4 29.Rh5 Re8
30.Nf3 Ne5 31.Nd4 Rg4 32.Kg2 Rc8 33.Rf5 Ke7 34.f4 Nc4 35.Re1+ Kf8 36.Ne6+ Kg8
37.Ng5  1-0

[Event "Biel"]
[Site "Biel"]
[Date "1998.??.??"]
[Round "3"]
[White "Jenni, Florian"]
[Black "Pelletier, Yannick"]
[Result "1/2-1/2"]
[WhiteElo "2415"]
[BlackElo "2515"]

1.e4 c5 2.c3 Nf6 3.e5 Nd5 4.d4 cxd4 5.Nf3 Nc6 6.cxd4 d6 7.Bc4 Nb6 8.Bb5 dxe5
9.Nxe5 Bd7 10.Nxd7 Qxd7 11.Be3 g6 12.Nc3 Bg7 13.O-O Rd8 14.Qb3 O-O 15.Rfd1 Qc7
16.Bxc6 Qxc6  1/2-1/2

[Event "Biel op"]
[Site "Biel"]
[Date "1998.??.??"]
[Round "4"]
[White "Kunte, Abhijit"]
[Black "Niklasch, Oliver"]
[Result "1-0"]
[WhiteElo "2460"]
[BlackElo "2345"]

1.e4 c5 2.c3 Nf6 3.e5 Nd5 4.Nf3 e6 5.Bc4 Nb6 6.Bb3 d5 7.d4 cxd4 8.cxd4 Nc6
9.Nc3 Be7 10.O-O O-O 11.Bc2 f5 12.exf6 Bxf6 13.Re1 Bd7 14.b3 Rc8 15.Ba3 Nxd4
16.Nxd4 Rxc3 17.Bxf8 Qxf8 18.Rc1 Qc8 19.Ne2 Rc7 20.Bb1 Rxc1 21.Qxc1 Qxc1
22.Rxc1 e5 23.a4 a6 24.a5 Na8 25.Nc3 Nc7 26.Ne4 Nb5 27.Nxf6+ gxf6 28.Bd3 Nd4
29.Rc7 Bc6 30.Bxh7+ Kf8 31.Bg6 Nxb3 32.h4 Nd4 33.h5 Ne2+ 34.Kh2 Nf4 35.Bf7 d4
36.h6 Be4 37.f3 Bf5 38.Bb3  1-0

[Event "Biel"]
[Site "Biel"]
[Date "1998.??.??"]
[Round "7"]
[White "Jenni, Florian"]
[Black "Palac, Mladen"]
[Result "0-1"]
[WhiteElo "2415"]
[BlackElo "2545"]

1.e4 c5 2.c3 Nf6 3.e5 Nd5 4.d4 cxd4 5.Nf3 Nc6 6.Bc4 Nb6 7.Bb3 d5 8.exd6 Qxd6
9.O-O Be6 10.Na3 dxc3 11.Qe2 Bxb3 12.Nb5 Qb8 13.axb3 e5 14.Nfd4 Nd7 15.bxc3 g6
16.f4 Bc5 17.fxe5 O-O 18.e6 Qe5 19.exf7+ Rxf7 20.Qc4 Nf6 21.Bf4 Qd5 22.Kh1 Qxc4
23.bxc4 Ne4 24.Ne6 Bb6 25.g3 Rf6 26.Nbc7 Rc8 27.Rfe1 Nf2+ 28.Kg2 Bxc7 29.Kxf2 Bxf4
30.gxf4 Re8 31.Nd4 Rxf4+ 32.Kg3 Rfe4 33.Red1 Re3+ 34.Kg2 R8e7 35.Nxc6 bxc6
36.Ra6 Rc7 37.Rc1 Re4 38.Ra4 Rd7 39.Kf3 Rh4 40.Kg3 g5 41.Rf1 Rd3+ 42.Rf3 Rxf3+
43.Kxf3 Rxh2 44.Rxa7 Rh4 45.c5 Rf4+ 46.Kg3 h5 47.Rc7 Rc4 48.Rxc6 Rxc3+ 49.Kg2 Kg7
50.Rc8 Kg6 51.c6 Kf5 52.c7 Kg4 53.Ra8 Rc2+ 54.Kg1 Rxc7 55.Ra4+ Kh3  0-1

[Event "Biel op"]
[Site "Biel"]
[Date "1998.??.??"]
[Round "8"]
[White "Kunte, Abhijit"]
[Black "Cherniaev, Alexander"]
[Result "1/2-1/2"]
[WhiteElo "2460"]
[BlackElo "2465"]

1.e4 c5 2.c3 Nf6 3.e5 Nd5 4.Nf3 Nc6 5.Bc4 Nb6 6.Bb3 g6 7.d4 cxd4 8.cxd4 Bg7
9.Bf4 d6 10.exd6 O-O 11.h3 Nxd4 12.Nxd4 e5 13.Bh2 exd4 14.O-O Bf5 15.Na3 Qd7
16.Rc1 Rac8 17.Re1 Rxc1 18.Qxc1 Rc8 19.Qd2 Re8 20.Rc1 Rc8 21.Re1 Re8 22.Rc1 Rc8  1/2-1/2

[Event "Biel"]
[Site "Biel"]
[Date "1998.??.??"]
[Round "9"]
[White "Peptan, Corina"]
[Black "Palac, Mladen"]
[Result "1-0"]
[WhiteElo "2410"]
[BlackElo "2545"]

1.e4 c5 2.c3 Nf6 3.e5 Nd5 4.Nf3 e6 5.Bc4 d6 6.d4 cxd4 7.cxd4 Nb6 8.Bb3 dxe5
9.Nxe5 Nc6 10.Nxc6 bxc6 11.O-O Ba6 12.Re1 Be7 13.Nc3 O-O 14.Bf4 Qd7 15.Be5 Nc4
16.Qg4 Nxe5 17.dxe5 Qc7 18.Bc2 Rad8 19.Re3 g6 20.Qf4 f5 21.Bb3 Qc8 22.Rc1 c5
23.Na4 c4 24.Rec3 Qd7 25.Bxc4 g5 26.Qe3 Qd1+ 27.Bf1 Qxa4 28.Qxa7 Rd2 29.Qxe7 Qd4
30.Rc7  1-0

[Event "Bled op"]
[Site "Bled"]
[Date "1998.??.??"]
[Round "3"]
[White "Sveshnikov, Evgeny"]
[Black "Fercec, Nenad"]
[Result "1-0"]
[WhiteElo "2595"]
[BlackElo "2455"]

1.e4 c5 2.c3 Nf6 3.e5 Nd5 4.Nf3 e6 5.Bc4 Nb6 6.Bb3 d6 7.d4 cxd4 8.cxd4 Nc6
9.O-O Be7 10.Nc3 O-O 11.Qe2 Bd7 12.Bf4 dxe5 13.dxe5 Nb4 14.Rad1 Qe8 15.Ng5 N4d5
16.Qe4 g6 17.Bc1 h6 18.Nh3 Bc6 19.Nxd5 Nxd5 20.Qg4 Kg7 21.Bxd5 Bxd5 22.Nf4 Bc6
23.Nh5+ Kh7 24.Nf6+ Bxf6 25.exf6 g5 26.f4 Rg8 27.fxg5 Rd8 28.h4 Rxd1 29.Rxd1 Qf8
30.Be3 a6 31.Rd2 a5 32.a3 Qb8 33.Bd4 Qd6 34.Be3 Qe5 35.Qf4 Qxf4 36.Bxf4 hxg5
37.Bxg5 e5 38.Kf2 Kg6 39.g4 Re8 40.Rd6 Rh8 41.Kg3 e4 42.Be3 a4 43.h5+ Kh7
44.Kf4  1-0

[Event "Bled op"]
[Site "Bled"]
[Date "1998.??.??"]
[Round "5"]
[White "Skok, Joze"]
[Black "Rezonja, Stefan"]
[Result "1-0"]
[WhiteElo "2145"]
[BlackElo "2195"]

1.e4 c5 2.c3 Nf6 3.e5 Nd5 4.d4 cxd4 5.Nf3 Nc6 6.cxd4 g6 7.Bc4 Nb6 8.Bb3 Bg7
9.O-O O-O 10.Qe2 d6 11.h3 dxe5 12.dxe5 Na5 13.Bc2 Be6 14.Rd1 Qc7 15.Nc3 a6
16.Bf4 Rfd8 17.Nd4 Bc4 18.Qe3 e6 19.Rac1 Bd5 20.b3 Nc6 21.Nxc6 Bxc6 22.Be4 Bxe5
23.Rxd8+ Rxd8 24.Bxe5 Qxe5 25.Qxb6 Qg5 26.Qe3  1-0

[Event "Bled op-B"]
[Site "Bled"]
[Date "1998.??.??"]
[Round "6"]
[White "Lazar, Ales"]
[Black "Pacic, Andrej"]
[Result "1/2-1/2"]
[WhiteElo "2205"]
[BlackElo "1965"]

1.e4 c5 2.c3 Nf6 3.e5 Nd5 4.d4 cxd4 5.Nf3 e6 6.cxd4 b6 7.Nc3 Nxc3 8.bxc3 Qc7
9.Qb3 Bb7 10.Be2 d6 11.Ba3 Nd7 12.O-O dxe5 13.Nxe5 Nxe5 14.dxe5 Bc5 15.Bb5+ Ke7
16.Rad1 Rhd8 17.Rfe1 Rxd1 18.Rxd1 Rd8 19.Bxc5+ Qxc5 20.Rxd8 Kxd8 21.Qd1+ Qd5
22.Qxd5+ Bxd5 23.a3 g5 24.f3 Ke7 25.Kf2 f6 26.exf6+ Kxf6 27.g3 Ke5 28.Ke3 Kd6
29.f4 gxf4+ 30.Kxf4 e5+ 31.Ke3 Kc5 32.Bd3 h6 33.g4 Kd6 34.h4 Ke6 35.g5 hxg5
36.hxg5 Kf7 37.Be4 Ba2 38.Kf3 Be6 39.Kg3 Kg7 40.Kh4 Bd7 41.Bf3 Be6 42.Be4 Bd7
43.Kh5 Be6 44.g6 Bd7 45.Kg5 Be6 46.Bf5 Bb3 47.Bd3 Be6  1/2-1/2

[Event "Bled op"]
[Site "Bled"]
[Date "1998.??.??"]
[Round "8"]
[White "Lyell, Mark"]
[Black "Brezovar, Matjaz"]
[Result "0-1"]
[WhiteElo "2235"]
[BlackElo "2195"]

1.e4 c5 2.c3 Nf6 3.e5 Nd5 4.d4 cxd4 5.Nf3 Nc6 6.Bc4 Nb6 7.Bb3 d5 8.exd6 Qxd6
9.O-O Be6 10.Bxe6 Qxe6 11.Nxd4 Nxd4 12.Qxd4 Rd8 13.Qh4 Qe2 14.Bd2 e6 15.Re1 Qc4
16.Qg3 h5 17.Bg5 Bd6 18.Qf3 f6 19.Be3 Qg4 20.Qxb7 Nd5 21.h3 Qf5 22.Qc6+ Kf7
23.Bc5 Be5 24.Nd2 Nxc3 25.Nf3 Nd5 26.Bxa7 g5 27.Bd4 Bd6 28.Bb6 Nxb6 29.Qxb6 Bc5
30.Qb7+ Kg6 31.Qe4 Rd6 32.b4 Bb6 33.a4 Rhd8 34.a5 Ba7 35.b5 Qxe4 36.Rxe4 Kf5
37.Rae1 g4 38.hxg4+ hxg4 39.Nh4+ Kg5 40.g3 Bc5 41.Ng2 Rd2 42.R4e2 R2d3 43.Nf4 Rxg3+
44.Kh2 Kxf4 45.fxg3+ Kf3 46.Kh1 Bf2  0-1

[Event "Bled op"]
[Site "Bled"]
[Date "1998.??.??"]
[Round "8"]
[White "Pavasovic, Dusko"]
[Black "Jelen, Igor"]
[Result "1-0"]
[WhiteElo "2505"]
[BlackElo "2430"]

1.e4 c5 2.c3 Nf6 3.d3 Nc6 4.f4 d5 5.e5 Ng8 6.Nf3 Nh6 7.g3 e6 8.Bh3 Nf5 9.O-O h6
10.Qe2 Be7 11.a3 Bd7 12.Kh1 b5 13.g4 Nh4 14.Nxh4 Bxh4 15.Be3 Be7 16.Nd2 a5
17.Nb3 c4 18.Nc5 Bc8 19.Bg2 a4 20.Rad1 Qc7 21.d4 Nd8 22.f5 Nb7 23.fxe6 fxe6
24.Nxb7 Bxb7 25.Qc2 g5 26.Qg6+ Kd7 27.Rf7 Rag8 28.Qf6 Qd8 29.Rf1 Qe8 30.h4 Rf8
31.Rxf8 Rxf8 32.Qxh6 Rh8 33.Qg7 Rxh4+ 34.Kg1 Rxg4 35.Rf7 Kd8 36.Kf2 Bc8 37.Bh3 Rf4+
38.Bxf4 gxf4 39.Kf3 Qd7 40.Qg6  1-0

[Event "Bled op"]
[Site "Bled"]
[Date "1998.??.??"]
[Round "8"]
[White "Praznik, Anton"]
[Black "Gruskovnjak, Tomislav"]
[Result "1/2-1/2"]
[WhiteElo "2200"]
[BlackElo "2230"]

1.e4 c5 2.c3 Nf6 3.e5 Nd5 4.d4 cxd4 5.Nf3 e6 6.cxd4 d6 7.Bc4 Nb6 8.Bd3 Be7
9.Nc3 Nc6 10.a3 Nd5 11.Qe2 Nxc3 12.bxc3 dxe5 13.dxe5 Qc7 14.O-O b6 15.a4 Bb7
16.Bf4 Rd8 17.Rad1 Rd5 18.Nd4 Nxd4 19.cxd4 O-O 20.Rc1 Qd7 21.Bb5 Qd8 22.Be3 Qa8
23.Rc7 Bd8 24.Rc3 Rxb5 25.axb5 Bxg2 26.Re1 Bf3 27.Qf1 Qd5 28.Qh3 Be4 29.Qf1 f6
30.Qc4 Qd7 31.Qc8 Qf7 32.Bf4 Bb7 33.Qc4 fxe5 34.Bg3 Bd5 35.Qd3 e4 36.Qe2 h5
37.h4 Qg6 38.Kh2 Qf5 39.Rg1 Bf6 40.Qe3 e5 41.dxe5 Bxe5 42.Rc2 Bf6 43.Rc7 Be6
44.Rgc1 Be5 45.Kg1 Bxc7 46.Rxc7 Rf7 47.Rxf7 Bxf7 48.Qg5 Qd7 49.Be5 Bc4 50.Qxh5 Bxb5
51.Qg6 Bd3 52.Qg5 Be2 53.Kh2 Qf7 54.Bd4 Kh7 55.Kg3 b5 56.Qf4 Qg6+ 57.Qg5 a5
58.Kf4 Bf3 59.Qxb5 Qh6+ 60.Qg5 Qd6+ 61.Be5 Qd2+ 62.Kg3 Qxg5+ 63.hxg5 Kg6
64.Kf4 a4 65.Bb2 Kf7 66.Ke5 g6 67.Ba3  1/2-1/2

[Event "Bled op"]
[Site "Bled"]
[Date "1998.??.??"]
[Round "9"]
[White "Sveshnikov, Evgeny"]
[Black "Pavasovic, Dusko"]
[Result "1/2-1/2"]
[WhiteElo "2595"]
[BlackElo "2505"]

1.e4 c5 2.c3 Nf6 3.e5 Nd5 4.d4 cxd4 5.cxd4 b6 6.Nc3 Nxc3 7.bxc3 Qc7 8.Bd2 e6
9.f4 Nc6 10.Bd3 Na5 11.Qe2 Ba3 12.Rb1 d5 13.Nh3 Nc4 14.Bc1 Be7 15.O-O g6
16.Nf2 Bd7 17.Ng4 Ba4  1/2-1/2

[Event "Bodensee Cup 4th"]
[Site "Bodensee"]
[Date "1998.??.??"]
[Round "3"]
[White "Braeuning, Rudolf Wilhelm"]
[Black "Bartsch, Berthold"]
[Result "0-1"]
[WhiteElo "2290"]
[BlackElo "2285"]

1.e4 c5 2.c3 Nf6 3.e5 Nd5 4.d4 cxd4 5.Nf3 e6 6.Qxd4 Nc6 7.Qe4 b6 8.Bd3 Bb7
9.O-O Qc7 10.a3 f5 11.Qe2 Nde7 12.c4 h6 13.Nc3 a6 14.h4 g5 15.hxg5 hxg5 16.Bxg5 Bg7
17.Rfe1 Rh5 18.Nd5 exd5 19.cxd5 Nxd5 20.e6 d6 21.e7 Ne5 22.Bxf5 Nxf3+ 23.Qxf3 Rxg5
24.Rac1 Nc3 25.Bg6+ Rxg6 26.Qh5 Kf7 27.bxc3 Qc5 28.Qh3 Rxg2+ 29.Kh1 Rg3+  0-1

[Event "Doprastav op"]
[Site "Bratislava"]
[Date "1998.??.??"]
[Round "9"]
[White "Novak, Ivan"]
[Black "Chovanec, Vladimir"]
[Result "1-0"]
[WhiteElo "2350"]
[BlackElo "1960"]

1.e4 c5 2.c3 Nf6 3.d3 Nc6 4.f4 d6 5.Nf3 g6 6.g3 Bg7 7.Bg2 O-O 8.O-O Rb8 9.Qc2 Bg4
10.Be3 Qd7 11.a4 b6 12.Nbd2 Rfc8 13.Nh4 d5 14.exd5 Nxd5 15.Bf2 Rc7 16.Nc4 Bh3
17.Rfe1 Bxg2 18.Kxg2 e5 19.fxe5 Re8 20.Nf3 Qg4 21.Re4 Qd7 22.a5 Re6 23.axb6 axb6
24.Ra8+ Rc8 25.Rxc8+ Qxc8 26.Qb3 Qd8 27.g4 h6 28.Bh4 g5 29.Bg3 Nce7 30.Nd6 Nf4+
31.Bxf4 gxf4 32.Nxf7 Qd5 33.Qxd5 Nxd5 34.Nd6 Bxe5 35.Nc4  1-0

[Event "Bucharest Fest IM (Women)"]
[Site "Bucharest"]
[Date "1998.??.??"]
[Round "?"]
[White "Szabo, Virag"]
[Black "Ionescu Ilie, Viorica"]
[Result "0-1"]
[WhiteElo "2095"]
[BlackElo "2170"]

1.e4 c5 2.c3 Nf6 3.e5 Nd5 4.d4 cxd4 5.Nf3 Nc6 6.Bc4 Nb6 7.Bb3 d6 8.exd6 Qxd6
9.O-O g6 10.Ng5 Nd8 11.Na3 Bg7 12.Nb5 Qc5 13.Nxd4 O-O 14.Be3 Qc7 15.Qd2 Nc4
16.Bxc4 Qxc4 17.f4 b6 18.f5 Bb7 19.Rf4 Qxd4 20.Rh4 h5 21.Rf1 Bf6 22.Rh3 Nc6
23.fxg6 fxg6 24.Qc2 Ne5 25.Ne6 Rfc8 26.Nf4 Qe4 27.Qb3+ Kh7 28.Bd2 Nc4 29.Re1 Bd4+
30.Kh1 Qf5 31.cxd4 Nxd2 32.Rxe7+ Kh6 33.Qd1 Qxf4  0-1

[Event "Bucharest Fest IM"]
[Site "Bucharest"]
[Date "1998.??.??"]
[Round "?"]
[White "Vajda, Szidonia"]
[Black "Vasiesiu, Dan"]
[Result "1-0"]
[WhiteElo "2270"]
[BlackElo "2390"]

1.e4 c5 2.c3 Nf6 3.e5 Nd5 4.d4 cxd4 5.Nf3 e6 6.cxd4 d6 7.a3 Bd7 8.Bd3 Bc6
9.O-O Nd7 10.Re1 Be7 11.Qe2 dxe5 12.dxe5 Qb6 13.b4 a6 14.Bd2 Rc8 15.Rc1 O-O
16.Nc3 Nxc3 17.Bxc3 Qd8 18.Nd4 Bd5 19.Bb2 Rxc1+ 20.Rxc1 Bg5 21.Re1 Bf4 22.Nf3 g6
23.Be4 Nb6 24.Bd4 Bxe4 25.Qxe4 Nd5 26.g3 Bh6 27.h4 b6 28.Nh2 Bg7 29.Ng4 Qc7
30.Nf6+ Bxf6 31.exf6 Rc8 32.h5 Qc2 33.hxg6 hxg6 34.Qg4 Rc4 35.Rxe6 fxe6 36.Qxe6+ Kh7
37.Qd7+ Kh6 38.f7 Qd1+ 39.Kg2 Ne3+  1-0

[Event "Bucharest Fest IM"]
[Site "Bucharest"]
[Date "1998.??.??"]
[Round "?"]
[White "Babici, Roman"]
[Black "Vasiesiu, Dan"]
[Result "1-0"]
[WhiteElo "2260"]
[BlackElo "2390"]

1.e4 c5 2.c3 Nf6 3.e5 Nd5 4.d4 cxd4 5.Nf3 e6 6.cxd4 d6 7.Nc3 Nxc3 8.bxc3 Qc7
9.Bd2 Bd7 10.Bd3 Bc6 11.O-O Nd7 12.exd6 Bxd6 13.Re1 O-O 14.Ne5 Bxe5 15.dxe5 Nc5
16.Bc2 Rfd8 17.Qe2 Bb5 18.Qh5 Rxd2 19.Qxh7+ Kf8 20.Rad1 Rxc2 21.Qh8+ Ke7
22.Qh4+ Kf8 23.Qh8+ Ke7 24.Qh4+ f6 25.exf6+ Kf7 26.Qh7 Kxf6 27.Re3 Bd3 28.Rf3+ Ke5
29.Re3+ Kf6 30.Rf3+ Bf5 31.g4 Qc6 32.gxf5 Qxf3 33.Qg6+ Ke5 34.Qxg7+ Kxf5
35.Qf6+ Kg4 36.Rd4+ Ne4 37.h3+ Qxh3 38.Qxe6+ Kg5 39.Qxh3 Rc1+ 40.Kg2  1-0

[Event "Bucharest Fest IM (Women)"]
[Site "Bucharest"]
[Date "1998.??.??"]
[Round "?"]
[White "Szabo, Virag"]
[Black "Zatonskih, Anna"]
[Result "0-1"]
[WhiteElo "2095"]
[BlackElo "2320"]

1.e4 c5 2.c3 Nf6 3.e5 Nd5 4.d4 cxd4 5.Nf3 Nc6 6.Bc4 Nb6 7.Bb3 d5 8.exd6 Qxd6
9.O-O Be6 10.Na3 dxc3 11.Qe2 Bxb3 12.Nb5 Qb8 13.axb3 e6 14.Qe4 Qc8 15.Bf4 Nd5
16.Rad1 Be7 17.Ng5 Nxf4 18.Qxf4 O-O 19.bxc3 e5 20.Qe3 Rd8 21.Nf3 a6 22.Nxe5 Nxe5  0-1

[Event "Primavara"]
[Site "Bucharest"]
[Date "1998.??.??"]
[Round "7"]
[White "Vajda, Albert"]
[Black "Marianovici, S."]
[Result "1-0"]
[WhiteElo "2400"]
[BlackElo "2420"]

1.e4 c5 2.c3 Nf6 3.d3 Nc6 4.f4 d6 5.Nf3 g6 6.Be2 Bg7 7.O-O Rb8 8.Kh1 O-O
9.a4 a6 10.Nbd2 b5 11.axb5 axb5 12.d4 Qb6 13.d5 Na5 14.Ne1 e6 15.dxe6 Bxe6
16.Bf3 Rfe8 17.Nc2 Nb3 18.Nxb3 Bxb3 19.Re1 Re7 20.Ra3 Bc4 21.e5 dxe5 22.Rxe5 Rd7
23.Qe1 Bd3 24.Ne3 Rbd8 25.b4 Bf8 26.bxc5 Bxc5 27.Ra8 Rxa8 28.Bxa8 Ra7 29.Nd5 Nxd5
30.Bxd5 Ra1 31.Re8+ Bf8 32.f5 Qd6 33.f6 g5 34.Ra8 Rxc1 35.Qxc1 Qxd5 36.Qa3 b4
37.Rxf8+ Kxf8 38.Qxb4+  1-0

[Event "Budapest FS07 IM-B"]
[Site "Budapest"]
[Date "1998.??.??"]
[Round "6"]
[White "Boe, Mads"]
[Black "Toth, Andras"]
[Result "1/2-1/2"]
[WhiteElo "2345"]
[BlackElo "2325"]

1.e4 c5 2.c3 Nf6 3.e5 Nd5 4.d4 cxd4 5.cxd4 d6 6.Nf3 Nc6 7.Nc3 Nxc3 8.bxc3 d5
9.Bd3 Bg4 10.h3 Bh5 11.g4 Bg6 12.Bxg6 fxg6 13.Ng5 h6 14.Ne6 Qc8 15.Nf4 g5
16.Nxd5 e6 17.Ne3 Be7 18.Qd3 O-O 19.O-O Qd7 20.Qe2 Rab8 21.a4 a6 22.Bb2 b5
23.axb5 axb5 24.Rad1 Bd8 25.Ng2 Bb6 26.Qe4 Rbd8 27.Rd3 b4 28.Rfd1 bxc3 29.Bxc3 Ne7
30.Bb4 Rf7 31.Bxe7 Qxe7 32.f3 Qa7 33.Kh2 Rfd7 34.d5 Rxd5 35.Rxd5 Rxd5 36.Rxd5 exd5
37.Qxd5+ Kh8 38.f4 Bg1+ 39.Kh1 Qa1 40.Qd8+ Kh7  1/2-1/2

[Event "Budapest FS09 IM-B"]
[Site "Budapest"]
[Date "1998.??.??"]
[Round "7"]
[White "Bergstrom, Rolf"]
[Black "Dudas, Janos"]
[Result "0-1"]
[WhiteElo "2295"]
[BlackElo "2340"]

1.e4 c5 2.c3 Nf6 3.e5 Nd5 4.d4 cxd4 5.Nf3 e6 6.cxd4 b6 7.Bd3 Bb7 8.O-O d6
9.Nc3 Nxc3 10.bxc3 Nd7 11.Ng5 Be7 12.Qg4 dxe5 13.dxe5 h5 14.Qg3 h4 15.Qg4 Nxe5
16.Bb5+ Kf8 17.Qf4 Qd5 18.f3 Bxg5 19.Qxg5 Qxb5 20.c4 f6 21.Ba3+ Kf7 22.f4 Nf3+
23.gxf3 Qa4 24.Qb5 Qxa3 25.Rad1 Rad8 26.f5 Qc5+  0-1

[Event "Budapest FS07 IM-B"]
[Site "Budapest"]
[Date "1998.??.??"]
[Round "9"]
[White "Boe, Mads"]
[Black "Kiss, Gedeon"]
[Result "1-0"]
[WhiteElo "2345"]
[BlackElo "2235"]

1.e4 c5 2.c3 Nf6 3.e5 Nd5 4.d4 cxd4 5.Qxd4 e6 6.Nf3 Nc6 7.Qe4 f5 8.Qe2 d6
9.c4 Qa5+ 10.Bd2 Ndb4 11.exd6 Bxd6 12.Bc3 O-O 13.b3 Qd8 14.a3 Na6 15.b4 e5
16.c5 e4 17.cxd6 exf3 18.Qxf3 Qxd6 19.Bxa6 bxa6 20.O-O Bb7 21.Nd2 Rae8 22.Nc4 Qe6
23.Qf4 Qg6 24.f3 Re6 25.Rae1 h6 26.Qg3 Qxg3 27.hxg3 Bc8 28.Kf2 Rd8 29.Rd1 Re7
30.Rxd8+ Nxd8 31.Rd1 Nb7 32.Bd4 Be6 33.Ne5 Rc7 34.Bxa7 Rc3 35.Rd3 Rxd3 36.Nxd3 Nd6
37.a4 Kf8 38.Bc5 Ke7 39.Bxd6+ Kxd6 40.Ke3 Kc6 41.Kd4 Kd6 42.Nc5 Bc8 43.b5 axb5
44.axb5 Kc7 45.Ke5 Kb6 46.Ne6 g6 47.Nf4  1-0

[Event "Magistral Int"]
[Site "Buenos Aires"]
[Date "1998.??.??"]
[Round "?"]
[White "Pierrot, Facundo"]
[Black "Vescovi, Giovanni"]
[Result "1/2-1/2"]
[WhiteElo "2420"]
[BlackElo "2480"]

1.e4 c5 2.c3 Nf6 3.e5 Nd5 4.d4 cxd4 5.Nf3 e6 6.cxd4 d6 7.Bd3 Nb4 8.Bb5+ Bd7
9.Bxd7+ Nxd7 10.O-O dxe5 11.dxe5 Nxe5 12.Nxe5 Qxd1 13.Rxd1 Nc2 14.Be3 f6
15.Nf3 Nxa1 16.Rc1 Bb4 17.Nbd2 Ke7 18.Rxa1 Rhc8 19.a3 Bc5 20.Nd4 g6 21.Ne4 Bb6
22.Nc3 Rd8 23.Nb3 Bxe3  1/2-1/2

[Event "ARG-ch sf"]
[Site "Buenos Aires"]
[Date "1998.??.??"]
[Round "1"]
[White "Gomez Baillo, Jorge H"]
[Black "Juarez, Carlos Eleodoro"]
[Result "1-0"]
[WhiteElo "2440"]
[BlackElo "2240"]

1.e4 c5 2.c3 Nf6 3.e5 Nd5 4.Nf3 e6 5.Bc4 Nb6 6.Bb3 d6 7.d4 dxe5 8.Nxe5 Nc6
9.Qf3 Nxe5 10.dxe5 Qc7 11.Qg3 g6 12.O-O Bg7 13.Re1 O-O 14.Nd2 Nd7 15.Nf3 b6
16.Bf4 Bb7 17.Bd1 b5 18.h4 Rad8 19.Nh2 Nb6 20.Ng4 Nd5 21.Bg5 Rd7 22.h5 gxh5
23.Nf6+ Kh8 24.Nxd7 Qxd7 25.Bxh5 Rg8 26.Bf3 f6 27.exf6 Nxf6 28.Bxb7 Qxb7
29.Qh4 Qf7 30.Qh3 e5 31.Rxe5  1-0